[Event "Vignola Weekend-B 9th"]
[Site "Vignola"]
[Date "2010.11.14"]
[Round "5"]
[White "Cartegni, Aldo Jose"]
[Black "Degli Esposti, Eugenio"]
[Result "1-0"]
[WhiteElo "1395"]
[BlackElo "1461"]
[PlyCount "101"]
[EventDate "2010.11.12"]
[EventType "swiss"]
[EventRounds "5"]
[EventCountry "ITA"]
[SourceTitle "EXT 2024"]
[Source "ChessBase"]
[SourceDate "2023.10.10"]
[SourceVersion "1"]
[SourceVersionDate "2023.10.10"]
[SourceQuality "1"]

1. d4 c5 2. d5 d6 3. e4 Nf6 4. f3 g6 5. b3 Bg7 6. Bb2 0-0 7. Nc3 Qa5 8. Qd3 Nbd7 9. 0-0-0 Ne5 10. Qd2 b5 11. Bxb5 Bd7 12. Bxd7 Nexd7 13. Nge2 Rab8 14. Na4 Qb5 15. c4 Qa6 16. Nac3 Qb7 17. h3 Nb6 18. Qd3 Nfd7 19. f4 Bh6 20. Kc2 a5 21. g4 Ra8 22. Nb5 a4 23. Qc3 f6 24. g5 Bg7 25. h4 Rf7 26. Qd3 Nb8 27. gxf6 exf6 28. Nxd6 Qd7 29. Nxf7 Kxf7 30. h5 Na6 31. a3 axb3+ 32. Qxb3 Qa4 33. Qxa4 Nxa4 34. hxg6+ hxg6 35. Nc3 Nb6 36. Kd3 Nc7 37. Nb5 Nxb5 38. cxb5 Ra5 39. e5 Rxb5 40. e6+ Kf8 41. Kc2 Nc4 42. Bc1 Rb6 43. Rhe1 Ke7 44. Kd3 Nd6 45. Kc2 Nf5 46. Bb2 Bh6 47. Re4 Bxf4 48. Bxf6+ Kxf6 49. Rxf4 Ke5 50. Rxf5+ gxf5 51. e7 1-0

[Event "Vignola Weekend-B 9th"]
[Site "Vignola"]
[Date "2010.11.14"]
[Round "2"]
[White "Cartegni, Aldo Jose"]
[Black "Trenti, Filippo"]
[Result "1-0"]
[WhiteElo "1395"]
[BlackElo "1491"]
[PlyCount "79"]
[EventDate "2010.11.12"]
[EventType "swiss"]
[EventRounds "5"]
[EventCountry "ITA"]
[SourceTitle "EXT 2024"]
[Source "ChessBase"]
[SourceDate "2023.10.10"]
[SourceVersion "1"]
[SourceVersionDate "2023.10.10"]
[SourceQuality "1"]

1. e4 e6 2. d4 d5 3. e5 c5 4. c3 Qb6 5. a3 Nc6 6. Nf3 Nh6 7. a4 Nf5 8. Bb5 c4 9. 0-0 a6 10. Bxc6+ bxc6 11. Nbd2 Be7 12. b3 cxb3 13. Nxb3 Rb8 14. Rb1 a5 15. Nfd2 Ra8 16. f4 Ne3 17. Qe1 Nxf1 18. Qxf1 Ba6 19. Qf2 Bc4 20. Nxc4 dxc4 21. Nd2 Qa7 22. Nxc4 Rd8 23. Be3 Qa6 24. Nd2 Qd3 25. Rb3 Bh4 26. g3 Be7 27. c4 Qc2 28. c5 Qd1+ 29. Qf1 Qxf1+ 30. Kxf1 f6 31. Nc4 fxe5 32. fxe5 h6 33. Nxa5 Ra8 34. Bd2 Rf8+ 35. Ke2 Bg5 36. Bc3 Kd7 37. h4 Bd8 38. Nc4 Rxa4 39. Rb7+ Kc8 40. Nd6# 1-0